00770nam a2200205 i 450000100060000000300090000600500170001500700030003200800410003510000400007624501210011626000290023730000210026649000770028765000210036465000170038570000640040283000770046685200210054319897ES-MaACL20260127062523.0t|021025s1920 sp ||||1| spa d1 aRoyo Villanova, Antonio,d1869-195810aBolchevismo y sindicalismo b: conferencia... sesión del día 20 de diciembre de 1919 / cAntonio Royo Villanova. aMadrid : bReus, c1920. a62 p. ; c19 cm.1 aPublicaciones de la Real Academia de Jurisprudencia y Legislación ;v8 7aComunismo2embne14aSindicalismo aReal Academia de Jurisprudencia y Legislación de España0 aPublicaciones de la Real Academia de Jurisprudencia y Legislación ;v8 aES-MaACLjL-5179